UBT Library

Regression and linear models / (Record no. 47072)

000 -LEADER
fixed length control field 00633pam a2200229 a 4500
001 - CONTROL NUMBER
control field 3398180
005 - DATE AND TIME OF LATEST TRANSACTION
control field 20180814035022.0
008 - FIXED-LENGTH DATA ELEMENTS--GENERAL INFORMATION
fixed length control field 890726s1990 nyua b 001 0 eng
010 ## - LIBRARY OF CONGRESS CONTROL NUMBER
LC control number 89012956
020 ## - INTERNATIONAL STANDARD BOOK NUMBER
International Standard Book Number 0070153728
Terms of availability $40.95
040 ## - CATALOGING SOURCE
Original cataloging agency DLC
Transcribing agency DLC
Modifying agency DLC
041 ## - LANGUAGE CODE
Language code of text/sound track or separate title eng
080 ## - UNIVERSAL DECIMAL CLASSIFICATION NUMBER
Universal Decimal Classification number 150.151
082 00 - DEWEY DECIMAL CLASSIFICATION NUMBER
Classification number 150.151
Edition number 20
100 1# - Rafti
Rafti 55
101 ## - Shkurtesa
Shkurtesa STA
245 10 - TITLE STATEMENT
Title Regression and linear models /
Statement of responsibility, etc Richard B. Darlington.
504 ## - BIBLIOGRAPHY, ETC. NOTE
Bibliography, etc Includes bibliographical references (p. 501-502) and index.
906 ## - LOCAL DATA ELEMENT F, LDF (RLIN)
a 7
b cbc
c orignew
d 1
e ocip
f 19
g y-gencatlg
942 ## - ADDED ENTRY ELEMENTS (KOHA)
Source of classification or shelving scheme
Item type Books
Holdings
Withdrawn status Lost status Source of classification or shelving scheme Damaged status Not for loan Collection code Permanent location Current location Shelving location Date acquired Total Checkouts Full call number Barcode Date last seen Price effective from Koha item type
          Koleksioni i përgjithshem UBT - Lipjan UBT - Lipjan Koleksioni i përgjithshem 08/14/2018   150.151 DAR 002-3010872 08/14/2018 08/14/2018 Books
UBT Library © 2015-2024. All rights reserved University Education for Business and Technology